Statistics for Horror Movie Villains

Click here to take the quiz!

General Stats

  • This quiz has been taken 67,440 times
  • The average score is 11 of 18

Answer Stats

VillainMovie or Series% Correct
Freddy KruegerA Nightmare on Elm Street
90%
JigsawSaw
88%
Michael MyersHalloween
86%
Jason VoorheesFriday the 13th
85%
Pennywise the ClownIt
85%
Hannibal LecterThe Silence of the Lambs
82%
ChuckyChild's Play
74%
Norman BatesPsycho
72%
LeatherfaceThe Texas Chainsaw Massacre
72%
GhostfaceScream
65%
Jack TorranceThe Shining
54%
PinheadHellraiser
52%
XenomorphsAlien
49%
Damien ThornThe Omen
37%
Samara MorganThe Ring
36%
Annie WilkesMisery
31%
The MinerMy Bloody Valentine
18%
Max CadyCape Fear
13%

Score Distribution

Percentile by Number Answered

Percent of People with Each Score

Your Score History

You have not taken this quiz